| 000 | 00605nam a2200241Ia 4500 | ||
|---|---|---|---|
| 003 | OSt | ||
| 005 | 20220928121402.0 | ||
| 006 | a|||||r|||| 00| 0 | ||
| 007 | ta | ||
| 008 | 220927b |||||||| |||| 00| 0 eng d | ||
| 024 | _a102802 | ||
| 037 | _cTextual | ||
| 040 |
_aSDCL _cSDCL _beng |
||
| 041 |
_2eng _aeng |
||
| 082 | _aC214, M1 | ||
| 100 |
_aSze S M _9391912 |
||
| 245 | 0 | _aPhysics of semiconductor devices. | |
| 250 | _a2 | ||
| 260 |
_aNew York _b John Wiley & Sons _c1981 |
||
| 300 |
_axii,864p. _ccm. |
||
| 942 |
_hC214, M1 _cTEXL _2CC |
||
| 999 |
_c765824 _d765824 |
||